000 00588nam a22001817a 4500
999 _c186258
_d186258
005 20220218170011.0
010 _aENG-131689
020 _a9789390869985
_c180.00
035 _aEN-115221
037 _bDBAD
082 _a616.2414
100 _aMhaisekar, Deepak
245 _aFreedom From Covid/
_cDeepak Mhaisekar
260 _aPune
_bVishwakarma Publications
_c2021
270 _a34A/1, Suyog Center, 7th Floor, Gultekadi Marketyard Road, Giridhar Bhavan Chowk
_bPune
_e411037
_minfo@vpindia.co.in
300 _a134p.
_c21cm(pbk)
942 _2ddc
_cEN
_h616.2414
_mMHA